Statistics for Greek clubs that have participated in UEFA Competitions

Click here to take the quiz!

General Stats

  • This quiz has been taken 28 times
  • The average score is 10 of 20

Answer Stats

AppearancesClub% Correct
51AEK Athens
100%
72Olympiacos Piraeus
95%
61Panathinaikos
82%
49PAOK
82%
6Larissa
68%
4Skoda Xanthi
64%
22Aris
59%
6OFI Crete
59%
9Iraklis
45%
7Atromitos
41%
5Asteras Tripolis
36%
1Panachaiki
36%
9Panionios
36%
1Ionikos
32%
1Kastoria
32%
1PAS Giannina
32%
1Egaleo
27%
1Apollon Smyrnis
23%
1Athinaikos
23%
1Olympiacos Volos
18%

Score Distribution

Percentile by Number Answered

Percent of People with Each Score

Your Score History

You have not taken this quiz